| 000 | 01109nam a22003497a 4500 | ||
|---|---|---|---|
| 001 | 953132 | ||
| 003 | OSt | ||
| 005 | 20210414083758.0 | ||
| 008 | 841214s1986 nyua b 001 0 eng c | ||
| 010 | _a 84028675 | ||
| 020 | _a0716717220 | ||
| 020 | _a0716717239 (pbk.) | ||
| 040 |
_aDNLM/DLC _cDLC _dDLC _beng |
||
| 041 | _aeng | ||
| 050 | 0 | 0 |
_aQM451 _b.N38 1986 |
| 060 | _aWL 101 N314f | ||
| 080 |
_a616.8 _bN-29 |
||
| 082 | 0 | 0 |
_a611/.8 _219 |
| 100 | 1 | _aNauta, Walle J. H. | |
| 245 | 1 | 0 |
_aFundamental neuroanatomy / _cWalle J.H. Nauta, Michael Feirtag ; anatomical drawings by Carol Donner. _b/ by: W. H. Freeman and Company |
| 260 |
_aNew York : _bW. H. Freeman and Company _cc1986. |
||
| 300 |
_ax, 340 p. _bill. (some col.) ; _c24 cm. |
||
| 500 | _aIncludes index. | ||
| 504 | _aBibliography: p. [318]-239. | ||
| 650 | 0 | _aNeuroanatomy. | |
| 650 | 0 |
_aNeurology _9100 |
|
| 650 | 2 | _aNeuroanatomy. | |
| 653 |
_aნევროლოგია _aნეიროანატომია |
||
| 700 | 1 | _aFeirtag, Michael. | |
| 906 |
_a7 _bcbc _corignew _d1 _eocip _f19 _gy-gencatlg |
||
| 942 |
_2udc _cBK |
||
| 999 |
_c2198 _d2198 |
||